00953nam a2200229Ia 4500008004100000020002200041050001800063100003100081245008400112250001000196260002200206300001900228440002200247500008000269650003000349650001200379942001200391952009500403952010700498952010100605999001700706120626s9999 xx 000 0 und d a978-968-24-7655-604aG154 R35 20071 aRAMÍREZ CAVASSA, César10aGestión administrativa para empresas turísticas cCésar Ramírez Cavassa a3a Ed aMéxicobTrillas a354 páginas  a(Trillas Turismo) aContiene: Prefacio Índice general Bibliografía Índice analítico17aTURISMO-ADMINISTRACIÓN 17aTURISMO 2ddccLB 00104070a07b07d2010-11-08l0oG154 R35 2007p07 001453r2012-06-26t1w2012-06-26yLB 00104070a07b07d2010-11-08l1oG154 R35 2007p07 001454r2022-01-13s2021-11-24t2w2012-06-26yLB 00102lcc4070a07b07d2015-11-10l0oG154 R35 2007 p07 005494r2015-11-10t3w2015-11-10yLB c67042d67042